000 003460000a22001570004500
005 20120302065133.0
942 _cBOOK
100 _a Joshi, Vaman
245 _a Sakal Sant Chitra Gatha
250 _a 2nd
260 _aPune:Me.S.P.Barve,1998
300 _a144p..-ill
040 _aMar
365 _b120/-
650 _aSanta-chitre va mahiti
999 _c363988
_d363985